[Event "Bardejov op"]
[Site "Bardejov"]
[Date "2014.12.30"]
[Round "7"]
[White "Volcko, Richard"]
[Black "Mrvova, Alena"]
[Result "0-1"]
[WhiteElo "1832"]
[BlackElo "2214"]
[PlyCount "110"]
[EventDate "2014.12.26"]
[EventType "swiss"]
[EventRounds "9"]
[EventCountry "SVK"]
[SourceTitle "CBM 164 Extra"]
[Source "ChessBase"]
[SourceDate "2015.03.02"]
[SourceVersion "1"]
[SourceVersionDate "2015.03.02"]
[SourceQuality "1"]

1. e4 c5 2. Nf3 e6 3. d4 cxd4 4. Nxd4 a6 5. Nc3 Qc7 6. Bd3 Bd6 7. h3 Ne7 8. 0-0 0-0 9. a3 Nbc6 10. Nxc6 dxc6 11. Be3 Ng6 12. Qd2 e5 13. Rad1 Be7 14. Bc4 b5 15. Bb3 a5 16. a4 b4 17. Ne2 Ba6 18. Rfe1 Rad8 19. Qc1 Rxd1 20. Qxd1 c5 21. c4 Nf4 22. Nxf4 exf4 23. Bc1 Bf6 24. Qf3 Be5 25. Rd1 Bb7 26. Bc2 Bc6 27. b3 Re8 28. Re1 f6 29. Kh1 g5 30. Qd3 Bc3 31. Re2 Rd8 32. Qf3 Qe5 33. Qg4 Bd7 34. Qf3 Be8 35. g3 fxg3 36. fxg3 Bg6 37. Kg2 Re8 38. Kf1 Kg7 39. Qd3 Bd4 40. Qf3 h6 41. Qd3 Qe6 42. g4 h5 43. Qf3 hxg4 44. hxg4 Rh8 45. Be3 Bxe3 46. Rxe3 Qe5 47. Re2 Be8 48. Ke1 Bc6 49. Kf1 Rh4 50. Rg2 Rh1+ 51. Ke2 Qa1 52. Qg3 Qf1+ 53. Ke3 Qc1+ 54. Kd3 Re1 55. Qc7+ Kg6 0-1

[Event "Bardejov op"]
[Site "Bardejov"]
[Date "2014.12.29"]
[Round "5"]
[White "Andreev, Eduard"]
[Black "Volcko, Richard"]
[Result "1-0"]
[WhiteElo "2482"]
[BlackElo "1832"]
[PlyCount "71"]
[EventDate "2014.12.26"]
[EventType "swiss"]
[EventRounds "9"]
[EventCountry "SVK"]
[SourceTitle "CBM 164 Extra"]
[Source "ChessBase"]
[SourceDate "2015.03.02"]
[SourceVersion "1"]
[SourceVersionDate "2015.03.02"]
[SourceQuality "1"]

1. e4 e5 2. Nf3 Nc6 3. d4 exd4 4. Nxd4 Bc5 5. Nb3 Bb6 6. Nc3 Nf6 7. Qe2 d6 8. Be3 0-0 9. 0-0-0 Re8 10. f3 Be6 11. Kb1 Bxe3 12. Qxe3 Qe7 13. g4 Rad8 14. g5 Nd7 15. f4 Nb6 16. Qf3 Rd7 17. Bg2 Red8 18. Nd5 Qf8 19. h4 Ne7 20. f5 Bxd5 21. exd5 f6 22. Nd4 Qf7 23. Rhg1 Kh8 24. Ne6 Rc8 25. Bh3 fxg5 26. hxg5 Nexd5 27. Rxd5 Nxd5 28. Qxd5 Re8 29. Qxb7 Qh5 30. Qg2 Rde7 31. Rh1 Qf7 32. g6 Qf6 33. gxh7 Rb8 34. b3 a5 35. Nf4 Kxh7 36. Nd5 1-0